La réalité économique : Vers la révision des idées dominantes en France
Gespeichert in:
| 1. Verfasser: | |
|---|---|
| Format: | Buch |
| Sprache: | Undetermined |
| Veröffentlicht: |
Paris
Robert Laffont
1978
|
| Schlagworte: | |
| Tags: |
Tag hinzufügen
Keine Tags, Fügen Sie den ersten Tag hinzu!
|
| Thư viện lưu trữ: | Trung tâm Học liệu Trường Đại học Cần Thơ |
|---|
| LEADER | 00538nam a2200193Ia 4500 | ||
|---|---|---|---|
| 001 | CTU_82098 | ||
| 008 | 210402s9999 xx 000 0 und d | ||
| 082 | |a 330.9 | ||
| 082 | |b F773 | ||
| 100 | |a Fourastié, Jean | ||
| 245 | 0 | |a La réalité économique : | |
| 245 | 0 | |b Vers la révision des idées dominantes en France | |
| 245 | 0 | |c Jean Fourastié | |
| 260 | |a Paris | ||
| 260 | |b Robert Laffont | ||
| 260 | |c 1978 | ||
| 650 | |a Economics | ||
| 904 | |i Trọng Hải | ||
| 980 | |a Trung tâm Học liệu Trường Đại học Cần Thơ | ||